Historia de los griegos / (Record no. 107859)

MARC details
000 -LEADER
campo de control de longitud fija 00809nam a2200253 i 4500
001 - NÚMERO DE CONTROL
campo de control 107859
003 - IDENTIFICADOR DE NÚMERO DE CONTROL
campo de control ES-MaACL
005 - FECHA Y HORA DE LA ÚLTIMA TRANSACCIÓN
campo de control 20250915063049.0
007 - CAMPO FIJO DE DESCRIPCIÓN FÍSICA--INFORMACIÓN GENERAL
campo de control de longitud fija t|
008 - DATOS DE LONGITUD FIJA--INFORMACIÓN GENERAL
campo de control de longitud fija 061121s1961 sp r ||||1| spa d
040 ## - FUENTE DE CATALOGACIÓN
Centro/agencia transcriptor ES-MaACL
100 1# - ENTRADA PRINCIPAL--NOMBRE DE PERSONA
Nombre de persona Montanelli, Indro,
Fechas asociadas al nombre 1909-2001
9 (RLIN) 242260
Término indicativo de función/relación Autor
240 ## - TÍTULO UNIFORME
Título uniforme Storia dei greci
245 10 - MENCIÓN DEL TÍTULO
Título Historia de los griegos /
Mención de responsabilidad, etc. Indro Montanelli ; [traducción de Domingo Pruna].
250 ## - MENCION DE EDICION
Mención de edición Primera edición
260 ## - PUBLICACIÓN, DISTRIBUCIÓN, ETC.
Lugar de publicación, distribución, etc. Barcelona [etc.] :
Nombre del editor, distribuidor, etc. Plaza y Janés,
Fecha de publicación, distribución, etc. 1961.
300 ## - DESCRIPCIÓN FÍSICA
Extensión 373 páginas ;
Dimensiones 23 cm.
651 #4 - PUNTO DE ACCESO ADICIONAL DE MATERIA--NOMBRE GEOGRÁFICO
9 (RLIN) 8777
Nombre geográfico Grecia-
Subdivisión general Historia
700 1# - ENTRADA AGREGADA--NOMBRE PERSONAL
Nombre de persona Pruna, Domingo
9 (RLIN) 94081
Término indicativo de función/relación Traductor
852 ## - LOCALIZACIÓN
Ubicación ES-MaACL
Número de control de estantería A-3112
Sublocalización o colección R.47831
itemnumber 111957
Ubicación en estantería Sala Pecera Planta 1
942 ## - ELEMENTOS DE ENTRADA SECUNDARIOS (KOHA)
Tipo de ítem Koha Libro impreso
Suprimir en OPAC No
Holdings
Estatus retirado Estado de pérdida Estado de daño No para préstamo Biblioteca de origen Biblioteca actual Ubicación en estantería Fecha de adquisición Fuente de adquisición Total de préstamos Signatura topográfica completa Código de barras Visto por última vez Precio de reemplazo Tipo de ítem Koha
        Biblioteca del Ateneo de Madrid Biblioteca del Ateneo de Madrid Sala Pecera Planta 1 17/01/2008     A-3112 1112563 23/02/2023 23/02/2023 Libro impreso